| 000 | 00899nam a22001695i 4500 | ||
|---|---|---|---|
| 001 | 160143 | ||
| 003 | ES-MaACL | ||
| 005 | 20250718042051.0 | ||
| 008 | 970902s1853 sp |||| | spa d | ||
| 100 | 1 |
_aGómez de la Cortina, Joaquín _cMarqués de Morante ( _d1805-1868) _957894 |
|
| 245 | 1 | 0 | _aInforme que acerca de la reforma del plan y reglamento de estudios, y en cumplimiento de la Real Orden Circular de 4 de octubre de 1855, ha elevado al Excmo. Señor Ministro de Gracia y Justicia el Excmo. Señor Marqués de Morante. |
| 260 |
_aMadrid : _b[s.n.], _c1853 ( _fImp. de José M. Ducazcal) |
||
| 300 |
_a64 p. ; _c25 cm. |
||
| 650 | 0 | 4 |
_aEnseñanza- _zEspaña- _yS.XIX _912286 |
| 852 |
_aES-MaACL _jT-387-F-3 _z- Enc. hol., falto de cub. original _z- Enc. en un vol. facticio _z.- En port:: Sello de "Los Escolares Médicos" y firma de Gustavo Saenz Díez |
||
| 999 |
_c160143 _d160143 |
||